00291nam a2200085Ia 4500008004100000100002800041245008500069260004200154260000900196170620s9999 xx 000 0 und d aRao- Digumarti Bhaskara 0aInternational Encyclopedia of Science and Technology Education-1- Science and te bNew Delhi- Discovery Publishing House c2001